Statistics for The Mega Star Wars Characters - Picture Click Quiz

Click here to take the quiz!

General Stats

  • This quiz has been taken 639 times
  • The average score is 57 of 100

Answer Stats

HintAnswer% Correct
Luke Skywalker
98%
Darth Maul
94%
Jar Jar Binks
93%
Darth Vader
90%
Chewbacca
90%
C-3PO
90%
Poe Dameron
87%
Leia Organa
87%
Count Dooku
86%
Rey
86%
Kylo Ren
86%
Jabba the Hutt
86%
Padmé Amidala
84%
Supreme Leader Snoke
84%
General Grievous
84%
Han Solo
83%
Greedo
82%
Emperor Palpatine
81%
Yoda
81%
Mace Windu
81%
R2-D2
81%
Boba Fett
80%
Finn
79%
BB-8
77%
Lando Calrissian
77%
Obi-Wan Kenobi
76%
Admiral Ackbar
76%
Cassian Andor
73%
Shmi Skywalker
73%
Owen Lars
72%
Grand Moff Tarkin
70%
Jango Fett
70%
General Hux
70%
Wicket
69%
Bail Organa
67%
Captain Phasma
67%
Rose Tico
67%
Watto
66%
Jyn Erso
66%
Kit Fisto
65%
Beru Lars
64%
Maz Kanata
63%
Cody
63%
Plo Koon
62%
R4-P17
62%
Ki-Adi-Mundi
62%
Saw Gerrera
61%
Boss Nass
60%
Sebulba
60%
Bib Fortuna
60%
Nute Gunray
60%
Galen Erso
59%
Mon Mothma
58%
Supreme Chancellor Valorum
57%
Aayla Secura
53%
K-2SO
52%
Orson Krennic
51%
Wedge Antilles
51%
Dexter Jettster
51%
Zam Wesell
50%
Nien Nunb
50%
Poggle the Lesser
49%
Babu Frik
49%
L3-37
49%
D-0
47%
Amilyn Holdo
47%
Captain Panaka
45%
Qi'ra
45%
Bodhi Rook
43%
Unkar Plutt
43%
Salacious B. Crumb
43%
Zorii Bliss
42%
Max Rebo
42%
Jek Porkins
42%
Lobot
41%
Oola
41%
Chirrut Îmwe
38%
Jannah
37%
Tobias Beckett
36%
Biggs Darklighter
34%
Taun We
34%
Dryden Vos
33%
Captain Tarpals
33%
Baze Malbus
33%
Captain Typho
33%
Lor San Tekka
33%
Mas Amedda
31%
Admiral Piett
30%
Enfys Nest
29%
General Veers
29%
DJ
28%
Val
26%
Admiral Ozzel
25%
Malakili
20%
Tasu Leech
20%
Snap Wexley
20%
Kaydel Connix
20%
Admiral Motti
19%
Jan Dodonna
19%
General Rieekan
16%

Score Distribution

Percentile by Number Answered

Percent of People with Each Score

Your Score History

You have not taken this quiz